| 000 | 00658cam a2200217 a 4500 | ||
|---|---|---|---|
| 001 | 17384016 | ||
| 005 | 20130929140243.0 | ||
| 008 | 120712s2013 nyua 000 0 eng | ||
| 020 | _a9780078026768 (pbk. : alk. paper) | ||
| 020 | _a0078026768 | ||
| 082 | 0 | 0 |
_a301 _223 _bHUG |
| 100 | 1 |
_aHughes, Michael _q(Michael D.) _933789 |
|
| 245 | 1 | 0 |
_aSociology : _bthe core / _cMichael Hughes, Carolyn J. Kroehler. |
| 250 | _a11th ed. | ||
| 260 |
_aNew York, NY : _bMcGraw-Hill, _cc2013. |
||
| 300 |
_axxvi, 534 p. : _bill. ; _c23 cm. |
||
| 650 | 0 |
_aSociology. _933790 |
|
| 653 |
_bBus _cSeptember2013 |
||
| 700 | 1 |
_aKroehler, Carolyn J. _933791 |
|
| 942 |
_2ddc _cBB |
||
| 999 |
_c17566 _d17538 |
||